| 000 | 00982nam a2200277 i 4500 | ||
|---|---|---|---|
| 001 | 8090 | ||
| 003 | KOSZ 005 | ||
| 005 | 20200630132817.0 | ||
| 008 | 071029s1969 pl a g f 001 0 pol | ||
| 015 | _aPB 1969/5026 | ||
| 040 |
_aWA N _cKOSZ 005/RW _dKOSZ 005/RW |
||
| 080 | _a51 | ||
| 100 | 1 |
_aWłodarski, Lech _d(1916-1997) _eAutor |
|
| 245 | 1 | 0 |
_aKurs przygotowawczy z matematyki na wyższe uczelnie / _cLech Włodarski, Władysław Wendorff. |
| 260 |
_aWarszawa ; _aWrocław : _bPaństwowe Wydawnictwo Naukowe, _c1969. |
||
| 300 |
_a489 s. : _bil. ; _c24 cm. |
||
| 380 | _aKsiążki. | ||
| 504 | _aBibliogr. s. [481]. Indeks. | ||
| 650 | 4 | _aMatematyka | |
| 655 | 4 | _aPodręcznik | |
| 650 | 4 | _aEgzaminy do szkół wyższych | |
| 700 | 1 | _aWendorff, Władysław. | |
| 710 | 2 |
_aPaństwowe Wydawnictwo Naukowe _4pbl. |
|
| 856 |
_uhttp://koha.tu.koszalin.pl/cgi-bin/koha/opac-detail.pl?biblionumber=8090 _yKatalog online BPK |
||
| 942 |
_2UKD _cKS |
||
| 999 |
_c8090 _d8090 |
||